Statistics for Five Poorest Countries by Continent (2023)

Click here to take the quiz!

General Stats

  • This quiz has been taken 47 times
  • The average score is 18 of 30

Answer Stats

ContinentRankGDP per CapitaAnswer% Correct
Europe108$5,740Moldova
76%
Europe98$6,590Albania
74%
North America152$1,790Haiti
74%
North America136$3,080Honduras
74%
North America142$2,540Nicaragua
74%
South America106$5,910Paraguay
71%
Oceania135$3,110Vanuatu
71%
South America134$3,270Venezuela
71%
South America99$6,590Ecuador
68%
Europe93$7,260North Macedonia
68%
South America128$3,790Bolivia
66%
Africa189$307.81Burundi
66%
Africa186$515.48Central African Republic
66%
North America111$5,080El Salvador
66%
Oceania153$1,730Kiribati
66%
Oceania145$2,330Solomon Islands
66%
South America113$5,040Suriname
66%
Europe94$7,080Bosnia and Herzegovina
63%
Africa187$482.55Malawi
61%
Europe83$9,940Belarus
58%
Oceania132$3,570Papua New Guinea
58%
North America114$5,010Guatemala
53%
Asia166$1,170Myanmar
50%
Oceania123$4,130Samoa
50%
Asia161$1,370Nepal
47%
Asia175$871.57Yemen
47%
Asia157$1,490East Timor
42%
Asia168$1,050Tajikistan
39%
Africa185$539.64Madagascar
37%
Africa188$471.61Sierra Leone
29%

Score Distribution

Percentile by Number Answered

Percent of People with Each Score

Your Score History

You have not taken this quiz